000 00311nam a22001457a 4500
005 20240220124919.0
008 160629b xxu||||| |||| 00| 0 eng d
041 _aeng
082 _b10980
245 _aThe Journal of Entrepreneurship
260 _bSage
300 _a98
650 _aManagement
942 _cBK
999 _c4586
_d4584